| 000 | 00734nam a22002177a 4500 | ||
|---|---|---|---|
| 999 |
_c15691 _d15691 |
||
| 003 | MIRAKIL | ||
| 005 | 20240320162419.0 | ||
| 008 | 240320b tu ||||| |||| 00| 0 tur d | ||
| 020 | _a9789751606778 | ||
| 040 |
_aTR-AnCHP _cTR-AnCHP |
||
| 041 | _atur | ||
| 082 |
_a818.993201 _bK29u 2021 |
||
| 100 | _aKaya, Ceval | ||
| 245 | 1 | 0 |
_aUygurca Altun Yaruk : _bgiriş, metin ve dizin / _cCeval Kaya |
| 260 |
_aAnkara : _bTürk Dil Kurumu, _c2021 |
||
| 300 |
_a1014 sayfa ; _c24 cm. |
||
| 490 | 0 |
_aAtatürk Kültür, Dil ve Tarih Yüksek Kurumu Türk Dil Kurumu yayınları ; _v607. |
|
| 650 | 0 |
_97738 _aUygur edebiyatı |
|
| 856 | _zDijital Nüshası için Partimizin Kütüphane Sorumlusu ile iletişime geçiniz. | ||
| 942 |
_2ddc _cBKS |
||